| 000 | 00414nam a2200181Ia 4500 | ||
|---|---|---|---|
| 001 | 24062 | ||
| 005 | 20260414151018.0 | ||
| 008 | 260414t1960||||xx |||||||||||||| ||spa|| | ||
| 041 | _aESP | ||
| 082 |
_a759.456 _bP63 |
||
| 100 |
_aPittaluga, Mary _eAUT |
||
| 245 | 0 |
_aLa capilla Sixtina _b |
|
| 260 | _c1960 | ||
| 300 |
_a56 páginas : _c24 cm. |
||
| 650 | _aABD | ||
| 654 | _aCAU | ||
| 942 |
_cLIB _dJUS _fJUS _2ddc _n |
||
| 999 |
_c24062 _d24062 |
||